Normal view
MARC view
- Collis, Betty
Entry Personal Name
001 - CONTROL NUMBER
- control field: 107315
003 - CONTROL NUMBER IDENTIFIER
- control field: NUST
005 - DATE AND TIME OF LATEST TRANSACTION
- control field: 20230123083415.0
008 - FIXED-LENGTH DATA ELEMENTS
- fixed length control field: 230123|| aca||aabn | a|a d
040 ## - CATALOGING SOURCE
- Original cataloging agency: NUST
- Transcribing agency: NUST
100 ## - HEADING--PERSONAL NAME
- Personal name: Collis, Betty
670 ## - SOURCE DATA FOUND
- Source citation: Work cat.: (NUST)185884: Collis, Betty., Computers, curriculum, and whole-class instruction :, c1988.
